书目信息

书名: 候鸟的勇敢 
作者: 迟子建,
出版信息: 北京   人民文学出版社  2018.05
开本页数: 21cm  204页
丛书名:
单 册:
中图分类: I247.57
科图分类: I2407
主题词: 长篇小说--chang pian xiao shuo--中国--当代
电子资源:
ISBN: 978-7-02-013947-7
000 01417nam0 22002531 450
001 0128175501
005 20181128175501.0
010    @a978-7-02-013947-7@b精装@dCNY39.00
100    @a20180509d2018 em y0chiy0121 ea
101 @achi
102    @aCN@b110000
105    @ay z 000ay
106    @ar
200 @a候鸟的勇敢@Ahou niao de yong gan@f迟子建著
210    @a北京@c人民文学出版社@d2018.05
215    @a204页@d21cm
314    @a迟子建, 1987年入北京师范大学与鲁迅文学院联办的研究生班学习, 毕业后到黑龙江省作家协会工作至今。
330    @a本书讲述: 金瓮河自然保护区的张黑脸曾在一次扑灭山火的战斗中与队友失散, 遭遇猛虎, 他被吓昏过去, 幸亏有一只神奇的白鹳使他躲过一劫, 自此, 他变傻了, 心却与候鸟特别亲近。管护站头头周铁牙暗地里贩卖野鸭牟利, 一场突如其来的禽流感要了两个人的命, 整个瓦城风云突变, 私欲与权力暴露出人性的丑陋, 与此相对应, 候鸟却彰显出大自然的美善, 包括与管护站遥遥相对的娘娘庙, 娘娘庙里凡心不灭的尼姑, 也有一种与自然契合的淳朴之美。张黑脸的灵性慢慢苏醒过来, 他终于和尼姑德秀相爱, 他们救护了一只受伤的白鹳, 让它与伴侣一起在暴风雪来临之前飞去南方, 但这两只白鹳最后未能逃脱命运的暴风雪, 而埋葬它们的张黑脸与德秀师父, 在获得混沌幸福的时刻, 也找不到来时的路。
606 @a长篇小说@Achang pian xiao shuo@y中国@z当代
690    @aI247.57@v5
692    @aI2407@v5
701  0 @a迟子建,@Achi zi jian@f1964-@4著
801  0 @aCN@b人天书店@c20180509
905    @aCKNYKJZYXY@b300588672-3@dI2407@e1881@f2
    
    候鸟的勇敢/迟子建著.-北京:人民文学出版社,2018.05
    204页;21cm
    
    
    ISBN 978-7-02-013947-7(精装):CNY39.00
    本书讲述: 金瓮河自然保护区的张黑脸曾在一次扑灭山火的战斗中与队友失散, 遭遇猛虎, 他被吓昏过去, 幸亏有一只神奇的白鹳使他躲过一劫, 自此, 他变傻了, 心却与候鸟特别亲近。管护站头头周铁牙暗地里贩卖野鸭牟利, 一场突如其来的禽流感要了两个人的命, 整个瓦城风云突变, 私欲与权力暴露出人性的丑陋, 与此相对应, 候鸟却彰显出大自然的美善, 包括与管护站遥遥相对的娘娘庙, 娘娘庙里凡心不灭的尼姑, 也有一种与自然契合的淳朴之美。张黑脸的灵性慢慢苏醒过来, 他终于和尼姑德秀相爱, 他们救护了一只受伤的白鹳, 让它与伴侣一起在暴风雪来临之前飞去南方, 但这两只白鹳最后未能逃脱命运的暴风雪, 而埋葬它们的张黑脸与德秀师父, 在获得混沌幸福的时刻, 也找不到来时的路。
相关链接 在五车中查询图书 在当当中查询图书 在豆瓣中查询图书


正题名:候鸟的勇敢     索取号:I2407/1881         预约/预借

序号 登录号 条形码 馆藏地/架位号 状态 备注
1 588672   300588672   柳城-3楼/25架9列6层/ [索取号:I2407/1881] 在馆    
2 588673   300588673   柳城-3楼/25架9列6层/ [索取号:I2407/1881] 在馆